Statistics for Spanish Terms

Click here to take the quiz!

General Stats

  • This quiz has been taken 1,158 times
  • The average score is 13 of 15

Answer Stats

Hint Answer % Correct
gatocat
97%
guitarraguitar
96%
perrodog
96%
estupidostupid
96%
naranjaorange
96%
pollochicken
95%
lococrazy
94%
supermercadosupermarket
93%
ojoseyes
92%
jugojuice
84%
pelohair
80%
deportessports
75%
fresastrawberry
74%
tocarplay
61%
cien100
60%

Score Distribution

Percentile by Number Answered

Percent of People with Each Score

Your Score History

You have not taken this quiz